00361nam a22001097a 4500008004100000050002200041100002100063245008400084260003700168300002500205700002100230170309b xxu||||| |||| 00| 0 eng d aPR 6023 .L47 1956 aLeaner, Alan Jay aMy Fair Lady:bA Musical Play in Two Acts/cAlan Jay Leaner and Frederick Loewe aNew York:bCoward-McCann,c1956. a186p.:bill.;c20cm. aLoewe, Frederick